| 000 | 00767cam a2200241 a 4500 | ||
|---|---|---|---|
| 001 | vtls000360160 | ||
| 003 | MY-SjTCS | ||
| 005 | 20200226120543.0 | ||
| 008 | 110218s1993 enk 00 0 eng | ||
| 020 | _a0077076109 | ||
| 039 | 9 |
_a201207101205 _bstazrina _c201102181809 _dVLOAD _y200407271819 _zVLOAD |
|
| 082 | 0 | 4 |
_a519.5402465 _bGRE |
| 100 | 1 |
_aGregory, Derek. _9887 |
|
| 245 | 1 | 0 |
_aStatistics for business / _cDerek Gregory, Harold Ward, Alan Bradshan. |
| 250 | _a4th ed. | ||
| 260 |
_aMaidenhead, England : _bMcGraw-Hill Book Co. Europe, _cc1993. |
||
| 300 |
_aix, 355 p. ; _c25 cm. |
||
| 650 | 0 | _aCommercial statistics. | |
| 650 | 0 | _aStatistics. | |
| 700 | 1 |
_aBradshan, Alan. _e(j.a.) _982410 |
|
| 700 | 1 |
_aWard, Harold. _e(j.a.) |
|
| 920 | _aUWE : 14253 | ||
| 999 | _c166457 | ||